000 00597nam a2200253Ia 4500
003 OSt
005 20221007105316.0
006 a|||||r|||| 00| 0
007 ta
008 221006b |||||||| |||| 00| 0 eng d
024 _a18,213
037 _cTextual
040 _aLCO
_cLCO
_beng
041 _2eng
_aeng
082 _aZ2,3, L1
100 _aAtiyah P.S
245 0 _aLaw of Contract
250 _a2nd
260 _aOxford
_bClarendon Press UK
_c1971
300 _a290
650 _aCONTRACT
942 _hZ2,3, L1
_cTEXL
999 _c1187776
_d1187776